TOP 10/BOTTOM 5 To find a date in - Statistics

General Stats
  • This quiz has been taken 13 times
  • The average score is 11 of 15
Answer Stats
Top-bottom (tip) Country % Correct
top 1. (Americas) Brazil
100%
top 2. (Americas) Colombia
100%
top 7. (Americas) Argentina
91%
top 8. (Americas) Chile
91%
top 6. (Americas) Mexico
73%
bottom 4. (Europe) Norway
73%
bottom 2. (Europe) Sweden
73%
top 4. (Asia) Thailand
73%
top 9. (Asia) Vietnam
73%
top 3. (Asia) Indonesia
64%
bottom 1. (Middle East) Kuwait
64%
bottom 3. (Europe) Switzerland
64%
top 10. (Europe) Hungary
45%
bottom 4. (Europe) Austria
36%
top 5. (Africa) Kenya
36%
No matching quizzes found
Score Distribution
Percent of People with Each Score
Percentile by Number Answered
Your Score History
You have not taken this quiz